| 000 | 00943nam a2200241 4500 | ||
|---|---|---|---|
| 005 | 20240530110351.0 | ||
| 008 | 141223s2005 ua g b 001 0 ara d | ||
| 040 | _aEG-CaGPL | ||
| 041 | 0 | _aara | |
| 082 | 0 | 4 |
_221 _a953.03\ _bع ع |
| 100 | 0 | _aعبدالواحد ذنون طه | |
| 245 | 1 | 2 |
_aالعراق فى عهد الحجاج بن يوسف الثقفى / _cعبدالواحد ذنون طه |
| 246 | 1 | _aIRAQ UNDER AL - Hajjaj Ibn Yusuf al - Thaqafi | |
| 250 | _aط 2 | ||
| 260 |
_aبيروت : _bالدار العربية للموسوعات ، _c2005 |
||
| 300 |
_a302 ص ؛ _c24 سم |
||
| 504 | _aببليوجرافية : ص 300 - 302 | ||
| 600 | 0 | 4 | _aالحجاج بن يوسف الثقفى |
| 650 | 0 | 4 | _aالتاريخ الاسلامى |
| 651 |
_aالعراق _xتاريخ _xولاية الحجاج بن يوسف الثقفى _yالعصر الاسلامى |
||
| 942 |
_2ddc _cBK |
||
| 999 |
_c60069 _d60069 |
||